| 000 | 00743nam a2200217Ia 4500 | ||
|---|---|---|---|
| 003 | 0 | ||
| 005 | 20250125093659.0 | ||
| 008 | 150126s9999 xx 000 0 und d | ||
| 050 |
_aPGS TP 267 _b.W873 2014 |
||
| 100 | _aWoo, Kim Jae. | ||
| 245 |
_aEffectiveness of baking soda mixture as fire retardant / _cKim Jae Woo. |
||
| 260 |
_aLas Piñas City, Philippines : _bSouthville International School and Colleges, _c2014. |
||
| 300 |
_a27 p. : _bill. ; _c28 cm. |
||
| 504 | _aIncludes bibliographical references. | ||
| 650 | _aFireproofing materials. | ||
| 650 | _aFire extinguishing agents. | ||
| 650 | _aSodium bicarbonate—Industrial applications. | ||
| 650 | _aFire prevention. | ||
| 650 | _aChemistry, Applied. | ||
| 942 |
_2lcc _cPASS |
||
| 999 |
_c278637 _d278637 |
||